000 00707cam a22002411 4500
001 sa 65005999
003 DLC
005 20260227112140.0
008 890913m19639999ii c 000 0 maro
010 _asa 65005999
035 _a(OCoLC)20337474
040 _aDLC
_cWaU
_dDLC
042 _apremarc
043 _aa-ii---
050 0 0 _aBL1147
_b.K3
100 1 _aKārakhānīsa, Gaṇeśa Govinda,
_d1890-
245 0 0 _aPadmaśrī Kākāsāheba Kārakhānīsa yāñce santasāhityavishayaka lekha.
260 _c[1963-
300 _av.
_bport.
_c22 cm.
500 _aIn Marathi.
650 0 _aHindu literature, Marathi
_xHistory and criticism.
700 1 _aḌhere, Rāmacandra Cīntāmaṇa,
_d1930-
999 _c64493
_d64493